| 000 | 00358nam a22001337a 4500 | ||
|---|---|---|---|
| 020 | _qHB. | ||
| 040 | _cFIZZA ISHAQ | ||
| 082 |
_a959.7 _bJOH |
||
| 100 |
_aJR.McALISTER T.JOHN. _9133622 |
||
| 245 |
_aVIET NAM THE ORIGINS OF REVOLUTION / _cJOHN T.McALISTER,JR. |
||
| 260 |
_aNEW YORK ; _bPRINCETON, _c1969. |
||
| 300 |
_a377 P. ; _c8.5X5.7IN |
||
| 942 |
_2ddc _cBK |
||
| 999 |
_c616582 _d616582 |
||